000
00269nam a2200109Ia 4500
008
190914s9999||||xx |||||||||||||| ||und||
100
_a
Andrew B. Whinston
245
0
_a
Readings In Electronic Commerce
260
_a
London
_b
Addison
_c
1997
300
_a
888
942
_c
BK
999
_c
8465
_d
8465